| 000 | 00564nam a22001817a 4500 | ||
|---|---|---|---|
| 999 |
_c57559 _d57559 |
||
| 005 | 20221105210757.0 | ||
| 008 | 200728s20182019enk||||| |||| 00| 0 eng d | ||
| 020 | _a9781730851285 1 | ||
| 041 | _aeng | ||
| 080 | _a615.84+616.1 L-66 | ||
| 100 |
_aLionhart, Prometheus M.D. _99073 |
||
| 245 |
_aCrack the Core Exam : _bVolume 2 / _c Prometheus Lionhart M.D. |
||
| 264 |
_aCoppel: _bIndependently published, _c2018-2019. |
||
| 300 |
_a516 p. _b30 cm. _cill. |
||
| 653 | _aრადიოლოგია | ||
| 653 | _aმედიცინა | ||
| 942 |
_2udc _cBK |
||